000 00612nam a2200205Ia 4500
003 IN-BaIIA
008 211028s9999 xx 000 0 eng d
020 _a2-86332-021-1
040 _cIIA Library
080 _a524.45
_bCLU
245 0 _aClustering in the universe
_bL'univers et ses structures
_cedited by D. Gerbal and A. Mazure.
260 _aFrance
_bEditions Frontiers
_c1983
300 _a349p.
650 _aAstronomy and astrophysics thesaurus
650 _aGalaxy clusters
_913872
650 _aUniverse
_91987
700 _aGerbal, D., ed.
_913873
700 _aMazure, A., ed.
_913874
942 _cBK
999 _c8270
_d8270